Dutch Darts Masters Winners - Statistics

General Stats
  • This quiz has been taken 8 times
  • The average score is 9 of 11
Answer Stats
Year Era Country Answer % Correct
2024 The World Series Netherlands Michael van Gerwen
100%
2018 The European Tour Netherlands Michael van Gerwen
100%
2017 The European Tour Netherlands Michael van Gerwen
100%
2016 The European Tour Netherlands Michael van Gerwen
100%
2015 The European Tour Netherlands Michael van Gerwen
100%
2014 The European Tour Netherlands Michael van Gerwen
100%
2022 The World Series Belgium Dimitri van den Bergh
80%
2013 The European Tour Belgium Kim Huybrechts
80%
2025 The World Series England Rob Cross
80%
2012 The European Tour Australia Simon Whitlock
60%
2019 The European Tour England Ian white
20%
No matching quizzes found
Score Distribution
Percent of People with Each Score
Percentile by Number Answered
Your Score History
You have not taken this quiz